Derecho penal: parte general
Guardat en:
| Autor principal: | |
|---|---|
| Format: | Llibre |
| Idioma: | espanyol |
| Publicat: |
Santiago
Universidad Católica de Chile
2005
|
| Edició: | 7a. ed |
| Matèries: | |
| Etiquetes: |
Afegir etiqueta
Sense etiquetes, Sigues el primer a etiquetar aquest registre!
|
MARC
| LEADER | 00000nam a2200000 a 4500 | ||
|---|---|---|---|
| 001 | UCK3324 | ||
| 003 | CL-VaPUC | ||
| 008 | 050422e20050000CL |||||||||||||||||spa|d | ||
| 020 | |a 9561408082 | ||
| 082 | 0 | 4 | |a 345.83 |b CUR |2 21 |
| 100 | 0 | |a Cury Urzúa, Enrique |e author |9 491424 | |
| 245 | 1 | 0 | |a Derecho penal: parte general |
| 250 | |a 7a. ed | ||
| 300 | |a 812 p | ||
| 942 | |c BK | ||
| 945 | |d 20050422 00:00:00 |a cmena | ||
| 260 | |a Santiago |b Universidad Católica de Chile |c 2005 | ||
| 650 | 7 | |a DERECHO PENAL CHILENO |2 CL-VaPUC |9 491425 | |
| 650 | 0 | |a Criminología |9 256168 | |
| 650 | 0 | |a Jurisprudencia |9 255952 | |
| 650 | 0 | |a Normas jurídicas |9 258310 | |
| 651 | 7 | |a CHILE |2 CL-VaPUC |9 491426 | |
| 583 | |a last modification |c 20121112 08:06:56 |k Rodrigo Vera | ||
| 999 | |c 312570 |d 312568 | ||
| 952 | |0 0 |1 0 |4 0 |6 345_830000000000000_CUR_2005 |7 0 |8 A |9 383062 |a BIBDER |b BIBDER |d 2019-11-21 |i 4112474 |l 2 |o 345.83 CUR 2005 |p 4112474 |r 2024-12-13 |s 2024-12-06 |w 2019-11-21 |y BK |k DER | ||